| 000 -LEADER | |
|---|---|
| fixed length control field | 00373nam a22001577a 4500 |
| 005 - DATE AND TIME OF LATEST TRANSACTION | |
| control field | 20180521115323.0 |
| 008 - FIXED-LENGTH DATA ELEMENTS--GENERAL INFORMATION | |
| fixed length control field | 170406b xxu||||| |||| 00| 0 eng d |
| 020 ## - INTERNATIONAL STANDARD BOOK NUMBER | |
| ISBN | 978-81-203-5063-2 |
| 041 ## - LANGUAGE CODE | |
| Language code of text/sound track or separate title | eng |
| 082 ## - DEWEY DECIMAL CLASSIFICATION NUMBER | |
| Classification number | 515.9 |
| 100 ## - MAIN ENTRY--AUTHOR NAME | |
| Personal name | BISWAL, PURNA CHANDRA |
| 245 ## - TITLE STATEMENT | |
| Title | COMPLEX ANALYSIS |
| 260 ## - PUBLICATION, DISTRIBUTION, ETC. (IMPRINT) | |
| Place of publication | DELHI |
| Name of publisher | PHI LEARNING PVT |
| Year of publication | 2015 |
| 300 ## - PHYSICAL DESCRIPTION | |
| Number of Pages | 270 |
| 942 ## - ADDED ENTRY ELEMENTS (KOHA) | |
| Koha item type | Books |
| Lost status | Damaged status | Collection code | Home library | Current library | Shelving location | Date acquired | Source of acquisition | Cost, normal purchase price | Full call number | Accession Number | Koha item type |
|---|---|---|---|---|---|---|---|---|---|---|---|
| CS/IT | JRU Library | JRU Library | SHELF-57-E | 06/04/2017 | PURCHESS | 350.00 | 515.9 | 21707 | Books | ||
| CS/IT | JRU Library | JRU Library | SHELF-57-E | 06/04/2017 | PURCHESS | 350.00 | 515.9 | 21708 | Books | ||
| Reference | JRU Library | SHELF-30-D | 06/04/2017 | PURCHESS | 350.00 | 515.9 | 21709 | Books |